| 000 | 006270000a22001810004500 | ||
|---|---|---|---|
| 090 |
_aAR _b01079 |
||
| 245 | 1 | 0 | _aCaracterísticas morfológicas y químicas de salados en la Cuenca Medio Caquetá Amazonas, Colombia |
| 650 | 1 | 4 |
_aEcología del paisaje _992227 |
| 650 | 1 | 4 |
_aNutrientes del suelo _993546 |
| 650 | 1 | 4 |
_aAnálisis del agua _993112 |
| 650 | 1 | 4 |
_aSalados _994297 |
| 651 | 4 |
_lRío Caquetá _dAmazonas _pColombia _992749 |
|
| 041 | 0 | _aEspañol | |
| 700 | 1 |
_aDuivenvoorden, Joost Franciscus _93687 |
|
| 100 | 1 |
_aLips, Johanna María _911135 |
|
| 942 | _cARTICULO | ||
| 773 | 1 |
_tColombia Amazónica _3395 _h1 _q119-125 _d1991 _g5 |
|
| 999 |
_c10167 _d10167 |
||